Gaming Quiz

Random Gaming or Pokémon Quiz

Pokemon by Ears (Gen I) Quiz Stats

 Plays Quiz not verified by Sporcle

Challenge
Share
Tweet
Score 0/24 Timer 01:30
0 Plays Today
% Correct
Rattata
89.2%
Meowth
89.2%
Ninetales
89.2%
Gengar
89.2%
Zubat
89.2%
Mankey
89.2%
Snorlax
87.8%
Jigglypuff
87.8%
Nidorino
87.8%
Pikachu
86.5%
Sandslash
85.1%
Lapras
85.1%
% Correct
Kangaskhan
85.1%
Vaporeon
85.1%
Wartortle
83.8%
Rapidash
83.8%
Arcanine
83.8%
Sandshrew
83.8%
Alakazam
83.8%
Dragonair
83.8%
Rhydon
83.8%
Nidoqueen
82.4%
Bulbasaur
82.4%
Marowak
81.1%

You're not logged in!

Compare scores with friends on all Sporcle quizzes.
Join for Free
OR
Log In

You Might Also Like...

Show Comments

Extras

Created Dec 19, 2016ReportNominate
Tags:Pokémon Quiz, ear, gen, order

Top Quizzes Today


Score Distribution

Your Account Isn't Verified!

In order to create a playlist on Sporcle, you need to verify the email address you used during registration. Go to your Sporcle Settings to finish the process.

Report this User

Report this user for behavior that violates our Community Guidelines.

Details: